Learn with animals : In the sea

Bibliographic Details
Main Author: Ottina, Laura
Format: Book
Published: New York : Weekly Reader Books , 2010
Series:Learn with animals
Subjects:

MARC

LEADER 00000cam a2200000 7i4500
001 0000152607
005 20110526.0
020 |a 1433919141 
020 |a 9781433919145 
090 0 0 |a 001   |b LEA 
100 1 |a Ottina, Laura 
245 1 0 |a Learn with animals :   |b In the sea   |c Laura Ottina 
260 |a New York :   |b Weekly Reader Books ,   |c 2010 
300 |a 24p. :   |b ill. ;   |c 19cm. 
490 0 |a Learn with animals 
650 0 0 |a Animals   |x Juvenile literature 
999 |a 00250603   |b BUKU   |c JUNIOR BOOKS   |e PERPUSTAKAAN KOMUNITI PETALING JAYA